[Event "Junior Online 4NCL Division 3"]
[Site "online"]
[Date "2020.04.23"]
[Round "2.86"]
[White "Carey, Alex"]
[Black "Sanchez, Margarita"]
[Result "1/2-1/2"]
[WhiteElo "1442"]
[BlackElo "1450"]
[PlyCount "160"]
[EventDate "2020.04.23"]
[WhiteTeam "Stroud Cubs"]
[BlackTeam "Warwickshire Bears B"]

1. e4 e5 2. Nf3 Nc6 3. Bc4 Nf6 4. d3 Bc5 5. Bg5 h6 6. Bh4 d6 7. h3 O-O 8. Nc3
Nd4 9. O-O Qe7 10. Nd5 Qd8 11. Nxf6+ gxf6 12. Nxd4 exd4 13. Qf3 Kg7 14. Qg3+
Kh7 15. Qf4 Kg7 16. Qg3+ Kh7 17. f4 Rg8 18. Qf3 Be6 19. Bxe6 fxe6 20. f5 e5 21.
Qh5 Qe7 22. Rf3 Rg7 23. Rg3 Rag8 24. Rxg7+ Rxg7 25. Rf1 Qf8 26. Rf3 Qg8 27. Rf2
Bb4 28. Bxf6 Rg3 29. Kh2 Be1 30. Re2 Bb4 31. Bh4 Rg7 32. Rf2 Be1 33. Re2 Bxh4
34. Qxh4 a5 35. b3 b5 36. g4 c5 37. Qf6 Rd7 38. Rf2 Qf7 39. Qxf7+ Rxf7 40. Kg3
a4 41. Rf1 a3 42. h4 Rc7 43. g5 h5 44. f6 Kg6 45. Kf2 c4 46. Re1 cxb3 47. cxb3
Rc2+ 48. Re2 Rb2 49. Ke1 b4 50. Rd2 Kf7 51. Kd1 Rb1+ 52. Ke2 Rh1 53. Rc2 Rh2+
54. Kd1 Rh1+ 55. Kd2 Rh2+ 56. Kc1 Rxc2+ 57. Kxc2 Ke6 58. Kd2 Kf7 59. Ke2 Kg6
60. Kf3 Kf7 61. Kg3 Kg6 62. Kf2 Kf7 63. Kf3 Kg6 64. Kg3 Kf7 65. Kg2 Kg6 66. Kf1
Kf7 67. Ke2 Kg6 68. Kd1 Kf7 69. Kd2 Kg6 70. Kc2 Kf7 71. Kb1 Kg6 72. Kc1 Kf7 73.
Kd2 Kg6 74. Ke2 Kf7 75. Kf2 Kg6 76. Kf3 Kf7 77. Kg3 Kg6 78. Kf3 Kf7 79. Kg2 Kg6
80. Kg3 Kf7 1/2-1/2

[Event "Junior Online 4NCL Division 3"]
[Site "online"]
[Date "2020.04.23"]
[Round "2.87"]
[White "Xia, Weiquan"]
[Black "Edwards, Jacob"]
[Result "1/2-1/2"]
[WhiteElo "1480"]
[BlackElo "1412"]
[PlyCount "132"]
[EventDate "2020.04.23"]
[WhiteTeam "Warwickshire Bears B"]
[BlackTeam "Stroud Cubs"]

1. d4 d5 2. Bf4 Nc6 3. Nc3 e6 4. Nf3 Nf6 5. e3 Bb4 6. a3 Bxc3+ 7. bxc3 O-O 8.
Bd3 Qe7 9. O-O b6 10. Bg5 h6 11. Bh4 e5 12. dxe5 Nxe5 13. Be2 Qe6 14. Nd4 Qd6
15. Nb5 Qc6 16. Qd2 Ne4 17. Qe1 Nc4 18. Nd4 Qc5 19. Nb3 Qd6 20. Bg3 Nxg3 21.
hxg3 Nxa3 22. Qc1 Nc4 23. Rd1 Qe6 24. Nd4 Qf6 25. Bxc4 dxc4 26. Nf3 Bg4 27. Rd2
Bxf3 28. gxf3 Qxf3 29. Qd1 Qxd1+ 30. Raxd1 c5 31. Ra1 f5 32. Ra4 b5 33. Ra5 a6
34. Rd5 b4 35. Rdxc5 bxc3 36. Rxc4 Rfc8 37. Rxc8+ Rxc8 38. Rxf5 Rd8 39. Ra5 Rd2
40. Ra2 a5 41. Kf1 a4 42. Ke1 a3 43. Kf1 Kf7 44. Kg2 Ke6 45. Kf3 Kf5 46. g4+
Ke5 47. e4 g6 48. Ke3 h5 49. gxh5 gxh5 50. f4+ Ke6 51. f5+ Kf6 52. Kf4 h4 53.
e5+ Ke7 54. f6+ Kf7 55. Kf5 h3 56. e6+ Kf8 57. e7+ Ke8 58. Ke6 Re2+ 59. Kd6 h2
60. Ra1 Rxc2 61. Rh1 a2 62. Rf1 Rd2+ 63. Ke6 Re2+ 64. Kd6 Rd2+ 65. Ke6 Re2+ 66.
Kd6 Rd2+ 1/2-1/2

[Event "Junior Online 4NCL Division 3"]
[Site "online"]
[Date "2020.04.23"]
[Round "2.88"]
[White "Ashworth, Jaime"]
[Black "Jayaprabu, Jaden"]
[Result "0-1"]
[WhiteElo "1390"]
[BlackElo "1480"]
[PlyCount "144"]
[EventDate "2020.04.23"]
[WhiteTeam "Stroud Cubs"]
[BlackTeam "Warwickshire Bears B"]

1. e4 e5 2. Nf3 Nc6 3. Bc4 Bc5 4. c3 Nf6 5. d4 exd4 6. cxd4 Nxd4 7. Nxd4 Bxd4
8. Qxd4 O-O 9. Bg5 b6 10. e5 c5 11. Qh4 h6 12. exf6 hxg5 13. Qxg5 Qxf6 14. Qxf6
gxf6 15. O-O Bb7 16. Nc3 Kh8 17. Rfe1 Rg8 18. g3 Rg7 19. Re7 Rd8 20. Rxf7 d5
21. Rxg7 Kxg7 22. Rd1 d4 23. Ne2 Bf3 24. Rd2 Re8 25. h4 Kg6 26. Nf4+ Kf5 27.
Bd3+ Kg4 28. Be2 Re7 29. Bxf3+ Kxf3 30. h5 Kg4 31. h6 Rh7 32. Re2 Rxh6 33. Re7
a5 34. Rb7 f5 35. Ne2 Kf3 36. Nf4 Ke4 37. Ne2 d3 38. Nc3+ Kd4 39. Nd1 d2 40.
Kf1 Kd3 41. Rd7+ Kc2 42. Ke2 Re6+ 43. Kf3 Kxd1 44. Kf4 Ke2 45. Kxf5 Re8 46. Kf6
d1=Q 47. Rxd1 Kxd1 48. g4 Rf8+ 49. Kg6 Rxf2 50. Kh6 Rh2+ 51. Kg5 Rg2 52. Kh5 c4
53. g5 Rxb2 54. g6 Rg2 55. Kh6 c3 56. g7 c2 57. Kh7 c1=Q 58. g8=Q Rxg8 59. Kxg8
Qb2 60. Kf8 Qxa2 61. Ke8 b5 62. Ke7 Qd5 63. Kf6 Qe4 64. Kg5 Qf3 65. Kg6 Qf4 66.
Kg7 Qf5 67. Kg8 Qd7 68. Kh8 b4 69. Kg8 b3 70. Kf8 b2 71. Kg8 b1=R 72. Kf8 Rb8#
0-1

[Event "Junior Online 4NCL Division 3"]
[Site "online"]
[Date "2020.04.30"]
[Round "3.11"]
[White "Whelan, Joseph"]
[Black "Southcott-Moyers, Indy"]
[Result "0-1"]
[WhiteElo "1547"]
[BlackElo "1487"]
[PlyCount "122"]
[EventDate "2020.04.30"]
[WhiteTeam "4 Gems"]
[BlackTeam "Stroud Cubs"]

1. e4 c6 2. d4 d5 3. e5 c5 4. c3 Nc6 5. Nf3 Bg4 6. Be2 Bxf3 7. Bxf3 cxd4 8.
cxd4 e6 9. Bd2 Nge7 10. Bc3 Nf5 11. O-O Be7 12. Qb3 Rb8 13. Qd1 Qb6 14. Qb3
Nfxd4 15. Qxb6 axb6 16. Bxd4 Nxd4 17. Nc3 Nxf3+ 18. gxf3 O-O 19. Kh1 g6 20. f4
h5 21. Ne2 Bc5 22. a3 b5 23. b4 Ba7 24. Rfd1 Rbc8 25. Rdc1 Bxf2 26. Kg2 Be3 27.
Rd1 Bb6 28. Rac1 Be3 29. Rxc8 Rxc8 30. Rd3 Bb6 31. Rc3 Rc6 32. Rxc6 bxc6 33.
Kf3 Kg7 34. Nc1 f6 35. Nd3 f5 36. h3 Kh6 37. h4 Kg7 38. Nb2 c5 39. Nd3 c4 40.
Nc5 Kf7 41. Nd7 Bd4 42. Ke2 Bb2 43. Kd2 Bxa3 44. Kc3 Bc1 45. Nc5 Bxf4 46. Kd4
Bg3 47. Nb7 Bxh4 48. Nd6+ Ke7 49. Nxb5 Bf2+ 50. Kc3 h4 51. Nd6 h3 52. b5 h2 53.
b6 h1=Q 54. b7 Qb1 55. b8=Q Qxb8 56. Nxf5+ exf5 57. e6 Qb3+ 58. Kd2 Qd3+ 59.
Kc1 Be3+ 60. Kb2 Qb3+ 61. Ka1 Bd4# 0-1

[Event "Junior Online 4NCL Division 3"]
[Site "online"]
[Date "2020.04.30"]
[Round "3.12"]
[White "Carey, Alex"]
[Black "Gogia, Abeer"]
[Result "0-1"]
[WhiteElo "1442"]
[BlackElo "1427"]
[PlyCount "118"]
[EventDate "2020.04.30"]
[WhiteTeam "Stroud Cubs"]
[BlackTeam "4 Gems"]

1. e4 c5 2. Nf3 d6 3. d4 cxd4 4. Nxd4 Nf6 5. Nc3 a6 6. Be3 e6 7. Be2 Nc6 8. O-O
Be7 9. f3 O-O 10. Qd2 Qc7 11. Rad1 Rd8 12. a3 Bd7 13. f4 e5 14. fxe5 dxe5 15.
Nf3 Bf5 16. Qe1 Nxe4 17. Rxd8+ Rxd8 18. Nh4 Bxh4 19. Qxh4 Nxc3 20. bxc3 Bxc2
21. Bc4 Bg6 22. Bg5 Rd7 23. h3 Na5 24. Ba2 Qc5+ 25. Kh1 Qxa3 26. Qg4 Qd6 27.
Qa4 Nc6 28. Bb3 Qd3 29. Rd1 Qf5 30. Rxd7 Qxd7 31. Bh4 h6 32. Kh2 e4 33. Bc2 Ne5
34. Bg3 Qxa4 35. Bxa4 Nd3 36. Bc2 e3 37. Bxd3 Bxd3 38. Kg1 a5 39. Kh2 e2 40. h4
a4 41. Be1 a3 42. Kg3 a2 43. Kf3 a1=Q 44. Ke3 Qa6 45. g4 Qg6 46. Kf3 Qe4+ 47.
Kf2 Qxg4 48. Ke3 Qg1+ 49. Kd2 Ba6 50. h5 g6 51. hxg6 fxg6 52. c4 Bxc4 53. Bh4
g5 54. Be1 g4 55. Bh4 g3 56. Bxg3 Qxg3 57. Kc2 Qd3+ 58. Kc1 e1=Q+ 59. Kb2 Qec3#
0-1

[Event "Junior Online 4NCL Division 3"]
[Site "online"]
[Date "2020.04.30"]
[Round "3.13"]
[White "Rizvi, Aysha"]
[Black "Edwards, Jacob"]
[Result "0-1"]
[WhiteElo "1345"]
[BlackElo "1412"]
[PlyCount "150"]
[EventDate "2020.04.30"]
[WhiteTeam "4 Gems"]
[BlackTeam "Stroud Cubs"]

1. c4 d5 2. g3 Nf6 3. Bg2 e6 4. cxd5 Nxd5 5. Nf3 Nc6 6. O-O Bc5 7. Nc3 O-O 8.
d3 Nxc3 9. bxc3 e5 10. Bg5 f6 11. Bd2 Bf5 12. c4 a6 13. Rb1 Rb8 14. Bc3 e4 15.
dxe4 Bxe4 16. Rc1 Ba3 17. Ra1 Qe7 18. Qb3 Rfd8 19. c5+ Qf7 20. Qxa3 Qc4 21. Qb3
Qxb3 22. axb3 Bxf3 23. Bxf3 Ne5 24. Bxe5 fxe5 25. Rfd1 c6 26. e3 Re8 27. Rd7 e4
28. Bg2 h6 29. b4 Red8 30. Rxd8+ Rxd8 31. Bxe4 Rd2 32. Bf3 Rb2 33. Rd1 Rxb4 34.
Rd8+ Kf7 35. Bh5+ Ke7 36. Re8+ Kf6 37. e4 Rb5 38. e5+ Kg5 39. e6 Kxh5 40. e7
Rxc5 41. Rd8 Re5 42. Rd7 b5 43. Kf1 b4 44. Rb7 Kg6 45. e8=Q+ Rxe8 46. Rxb4 Rc8
47. Ra4 Ra8 48. Rc4 Kf7 49. Rxc6 a5 50. Rc3 a4 51. Rf3+ Ke6 52. Rd3 a3 53. Re3+
Kd5 54. Rd3+ Kc4 55. Rd1 a2 56. Ke2 a1=Q 57. Rxa1 Rxa1 58. Kf3 Rh1 59. h4 g6
60. Kf4 Rf1 61. f3 Kd4 62. g4 Rh1 63. Kg3 Ke3 64. g5 hxg5 65. hxg5 Rg1+ 66. Kh4
Kxf3 67. Kh3 Rxg5 68. Kh2 Rg4 69. Kh3 g5 70. Kh2 Ra4 71. Kh3 g4+ 72. Kh2 Ra2+
73. Kg1 Rb2 74. Kh1 Kg3 75. Kg1 Rb1# 0-1

[Event "Junior Online 4NCL Division 3"]
[Site "online"]
[Date "2020.04.30"]
[Round "3.14"]
[White "Ashworth, Jaime"]
[Black "Rizvi, Zara"]
[Result "1-0"]
[WhiteElo "1390"]
[BlackElo "1360"]
[PlyCount "101"]
[EventDate "2020.04.30"]
[WhiteTeam "Stroud Cubs"]
[BlackTeam "4 Gems"]

1. e4 c5 2. Nf3 d6 3. d4 cxd4 4. Nxd4 Nf6 5. Nc3 g6 6. Bd3 Bg7 7. O-O O-O 8.
Be3 Nc6 9. Re1 Bd7 10. Bb5 a6 11. Ba4 e5 12. Nxc6 Bxc6 13. Bxc6 bxc6 14. Qd2 d5
15. exd5 Nxd5 16. Nxd5 Qxd5 17. Qxd5 cxd5 18. Rad1 Rad8 19. Bc5 Rfe8 20. Re2 d4
21. Rde1 Rd5 22. Bb4 d3 23. cxd3 Rxd3 24. f4 Rd5 25. Bc3 e4 26. Bxg7 Kxg7 27.
Rxe4 Rxe4 28. Rxe4 Rd1+ 29. Kf2 Rd2+ 30. Re2 Rd4 31. g3 Rd6 32. b4 Rb6 33. a3
Rb5 34. Rc2 a5 35. Rc5 Rxc5 36. bxc5 Kf8 37. Ke3 Ke8 38. Kd4 Kd8 39. Kd5 Kc7
40. Kc4 Kc6 41. a4 h5 42. h3 f5 43. h4 Kc7 44. Kb5 Kb7 45. Kxa5 Ka7 46. Kb5 Kb7
47. c6+ Kb8 48. Kb6 Kc8 49. c7 Kd7 50. Kb7 Kd6 51. c8=Q 1-0

[Event "Junior Online 4NCL Division 3"]
[Site "online"]
[Date "2020.04.30"]
[Round "3.15"]
[White "Southcott-Moyers, Indy"]
[Black "Whelan, Joseph"]
[Result "1-0"]
[WhiteElo "1487"]
[BlackElo "1547"]
[PlyCount "123"]
[EventDate "2020.04.30"]
[WhiteTeam "Stroud Cubs"]
[BlackTeam "4 Gems"]

1. d4 d5 2. c4 c6 3. Nc3 Nf6 4. e3 e6 5. Nf3 Bb4 6. Qc2 Ne4 7. Bd2 Bxc3 8. Bxc3
Nd7 9. Nd2 Nxc3 10. Qxc3 Nf6 11. Bd3 O-O 12. Qc2 h6 13. Nf3 Qa5+ 14. Qd2 Qxd2+
15. Nxd2 Nd7 16. cxd5 cxd5 17. Nf3 Nf6 18. Nd2 Bd7 19. Ke2 a6 20. a3 Rac8 21.
Rac1 Bc6 22. h3 Nd7 23. b4 e5 24. f3 exd4 25. exd4 Rfe8+ 26. Kf2 Nf6 27. Rhe1
Rxe1 28. Rxe1 Re8 29. Rxe8+ Bxe8 30. Nb3 Bc6 31. Nc5 Nd7 32. Ke3 Nxc5 33. bxc5
Kf8 34. Kf4 Ke7 35. Ke5 g6 36. Kf4 Kf6 37. h4 g5+ 38. hxg5+ hxg5+ 39. Ke3 Bb5
40. Bxb5 axb5 41. g3 Kf5 42. g4+ Ke6 43. Kd3 f5 44. Kc3 f4 45. Kb4 Kd7 46. Kxb5
Kc7 47. a4 Kc8 48. c6 Kc7 49. cxb7 Kxb7 50. Kc5 Kc7 51. Kxd5 Kd7 52. a5 Kc7 53.
a6 Kb6 54. Ke6 Kxa6 55. d5 Kb7 56. d6 Kc8 57. Ke7 Kb7 58. d7 Ka7 59. d8=Q Kb7
60. Kd6 Ka7 61. Kc6 Ka6 62. Qb6# 1-0

[Event "Junior Online 4NCL Division 3"]
[Site "online"]
[Date "2020.04.30"]
[Round "3.16"]
[White "Gogia, Abeer"]
[Black "Carey, Alex"]
[Result "0-1"]
[WhiteElo "1427"]
[BlackElo "1442"]
[PlyCount "40"]
[EventDate "2020.04.30"]
[WhiteTeam "4 Gems"]
[BlackTeam "Stroud Cubs"]

1. e4 c5 2. Nc3 Nc6 3. f4 d6 4. Nf3 Nf6 5. Bb5 Bd7 6. Bxc6 Bxc6 7. d3 g6 8. O-O
Bg7 9. Qe1 O-O 10. Qh4 e6 11. f5 exf5 12. exf5 Nd7 13. Qh3 Ne5 14. Nxe5 Bxe5
15. fxg6 fxg6 16. Bh6 Rxf1+ 17. Rxf1 Bd4+ 18. Kh1 Qe7 19. Bd2 Rf8 20. Rc1 Qf7
0-1

[Event "Junior Online 4NCL Division 3"]
[Site "online"]
[Date "2020.04.30"]
[Round "3.17"]
[White "Edwards, Jacob"]
[Black "Rizvi, Aysha"]
[Result "1-0"]
[WhiteElo "1412"]
[BlackElo "1345"]
[PlyCount "63"]
[EventDate "2020.04.30"]
[WhiteTeam "Stroud Cubs"]
[BlackTeam "4 Gems"]

1. e4 c5 2. d4 cxd4 3. c3 d3 4. Bxd3 Nc6 5. Nf3 d6 6. Bc4 Nf6 7. O-O g6 8. Bg5
Bg7 9. Nbd2 O-O 10. Qe2 Bg4 11. h3 Bxf3 12. Nxf3 Rc8 13. Rad1 Qc7 14. Rfe1 Na5
15. Bd5 Nc4 16. Bxc4 Qxc4 17. Qxc4 Rxc4 18. e5 dxe5 19. Nxe5 Rc5 20. Bxf6 Rb5
21. Bxg7 Kxg7 22. b3 Ra5 23. Nc4 Rxa2 24. Rxe7 Rc2 25. Rd3 Rb8 26. Rf3 Rf8 27.
Rxb7 Rc1+ 28. Kh2 Rb1 29. Nd6 Rd1 30. Nxf7 Kg8 31. Nh6+ Kh8 32. Rxf8# 1-0

[Event "Junior Online 4NCL Division 3"]
[Site "online"]
[Date "2020.04.30"]
[Round "3.18"]
[White "Rizvi, Zara"]
[Black "Ashworth, Jaime"]
[Result "0-1"]
[WhiteElo "1360"]
[BlackElo "1390"]
[PlyCount "120"]
[EventDate "2020.04.30"]
[WhiteTeam "4 Gems"]
[BlackTeam "Stroud Cubs"]

1. d4 Nf6 2. c4 e6 3. Nc3 d5 4. Bg5 Be7 5. Nf3 h6 6. e3 hxg5 7. Nxg5 O-O 8. Nf3
c6 9. Bd3 dxc4 10. Bxc4 b6 11. O-O Bb7 12. Qd3 c5 13. Qe2 Nbd7 14. Ng5 e5 15.
dxe5 Nxe5 16. Rad1 Qc8 17. Bb3 Ba6 18. Nb5 Qc6 19. a4 c4 20. Rc1 Bxb5 21. axb5
Qxb5 22. Bxc4 Nxc4 23. Rxc4 Rac8 24. Rc2 Qxe2 25. Rxe2 Rc5 26. Nf3 Rfc8 27. h3
Bd6 28. g3 Rc1 29. Kg2 Rxf1 30. Kxf1 Rc1+ 31. Ne1 Ne4 32. Kg2 Bb4 33. Nf3 Rb1
34. Rc2 a5 35. Rc4 Nc5 36. Ng5 Rxb2 37. Rd4 Rd2 38. Re4 Nxe4 39. Nxe4 Ra2 40.
Kf1 a4 41. Kg2 a3 42. Kf3 Ra1 43. Ng5 a2 44. Ke4 Rc1 45. Kd3 a1=Q 46. Ke4 Qa4
47. Kf3 Be7 48. Ne4 Rc4 49. Nd2 Rc2 50. Ne4 f5 51. Nc3 Rxc3 52. Kg2 Qa2 53. Kf3
Rc2 54. Kf4 Rxf2+ 55. Ke5 Qa5+ 56. Ke6 Kf8 57. Kd7 Qd5+ 58. Kc7 Rc2+ 59. Kb8
Qd7 60. g4 Rc8# 0-1

[Event "Junior Online 4NCL Division 3"]
[Site "online"]
[Date "2020.04.30"]
[Round "3.21"]
[White "Crook, Ethan"]
[Black "Vas, Ethan"]
[Result "1-0"]
[WhiteElo "1405"]
[BlackElo "1412"]
[PlyCount "119"]
[EventDate "2020.04.30"]
[WhiteTeam "Cheshire8Z"]
[BlackTeam "Warwickshire Bears C"]

1. e4 e5 2. Nf3 Nc6 3. Bc4 Bc5 4. d4 exd4 5. Ng5 d5 6. Bxd5 Be6 7. Bxe6 fxe6 8.
Nxe6 Qf6 9. Nxc5 Nge7 10. Qf3 Qd6 11. Nd3 Rf8 12. Qh5+ g6 13. Qxh7 O-O-O 14.
Qh3+ Kb8 15. f3 g5 16. Bxg5 Rh8 17. Bxe7 Qxe7 18. Qg3 Rdg8 19. Qf2 Re8 20. Nd2
Qd7 21. O-O-O Qd6 22. Nb3 Rd8 23. Qg3 Qh6+ 24. Kb1 Rhg8 25. Qf4 Qg6 26. g3 Rgf8
27. Qg4 Qd6 28. f4 Qe7 29. e5 Rg8 30. Qf3 Qe6 31. Nd2 Rd5 32. Rhe1 Ra5 33. a3
Rd5 34. Nc4 Rdd8 35. f5 Qxc4 36. Qe2 Qf7 37. g4 Rh8 38. Rh1 Qd5 39. h4 Rde8 40.
e6 Na5 41. Qe5 Qxe5 42. Nxe5 Rhg8 43. Rxd4 Nc6 44. Nxc6+ bxc6 45. Rb4+ Kc8 46.
g5 Rgf8 47. Rf1 Rh8 48. Re4 Kd8 49. Rd1+ Kc8 50. f6 Ref8 51. e7 Re8 52. f7 Kb8
53. fxe8=Q+ Rxe8 54. Rd8+ Rxd8 55. exd8=Q+ Kb7 56. Rb4+ Ka6 57. Qc8+ Ka5 58.
Qxc7+ Ka6 59. Qxc6+ Ka5 60. Qb5# 1-0

[Event "Junior Online 4NCL Division 3"]
[Site "online"]
[Date "2020.04.30"]
[Round "3.22"]
[White "Chen, Olivia"]
[Black "Epstein, Jacob"]
[Result "1/2-1/2"]
[WhiteElo "1375"]
[BlackElo "1427"]
[PlyCount "122"]
[EventDate "2020.04.30"]
[WhiteTeam "Warwickshire Bears C"]
[BlackTeam "Cheshire8Z"]

1. d4 e5 2. dxe5 Nc6 3. Nf3 Qe7 4. Bg5 Qb4+ 5. Nc3 Qxb2 6. Na4 Qb4+ 7. Nd2 Qxa4
8. e3 Be7 9. Bf4 f6 10. exf6 Nxf6 11. Rb1 b6 12. Bxc7 d6 13. Bb5 Qxa2 14. Bxc6+
Kf7 15. Bxa8 Bf5 16. e4 Rc8 17. Bd5+ Nxd5 18. exd5 Rxc7 19. O-O Bxc2 20. Qf3+
Kg8 21. Rbe1 Bg6 22. Re3 Qxd2 23. Rfe1 Rc1 24. Rf1 Rxf1+ 25. Kxf1 Qc1+ 26. Re1
Qc4+ 27. Re2 Bd3 28. Qe3 Bxe2+ 29. Ke1 Kf8 30. f4 Bh5 31. f5 Qe2+ 32. Qxe2 Bxe2
33. Kxe2 Kf7 34. g4 Bg5 35. Kd3 a6 36. Kc4 g6 37. fxg6+ Kxg6 38. Kd4 Bf6+ 39.
Kc4 Kg5 40. h3 h5 41. gxh5 Kxh5 42. Kd3 Kg5 43. Ke4 b5 44. h4+ Kxh4 45. Kf5 Be5
46. Ke6 b4 47. Kd7 b3 48. Kc6 b2 49. Kd7 b1=Q 50. Ke6 Qg6+ 51. Kd7 Qf7+ 52. Kc6
Qe8+ 53. Kb6 Bd4+ 54. Kc7 a5 55. Kxd6 Qe5+ 56. Kc6 Qe6+ 57. dxe6 Bf6 58. Kb5
Be7 59. Kxa5 Kg5 60. Kb6 Kf6 61. Kc7 Kxe6 1/2-1/2

[Event "Junior Online 4NCL Division 3"]
[Site "online"]
[Date "2020.04.30"]
[Round "3.23"]
[White "Surapaneni, Rahul"]
[Black "Sastry, Shriya"]
[Result "1-0"]
[WhiteElo "1442"]
[BlackElo "1322"]
[PlyCount "145"]
[EventDate "2020.04.30"]
[WhiteTeam "Cheshire8Z"]
[BlackTeam "Warwickshire Bears C"]

1. g3 Nc6 2. Bg2 d5 3. d3 h6 4. Nc3 Nf6 5. e4 dxe4 6. dxe4 Qxd1+ 7. Nxd1 e5 8.
Nc3 Bc5 9. Nf3 Be6 10. O-O O-O 11. h3 Bb4 12. Re1 Bxc3 13. bxc3 Rad8 14. Be3 a6
15. a3 Rfe8 16. Rab1 b6 17. g4 Nxe4 18. Bxb6 Nxc3 19. Bxc7 Nxb1 20. Bxd8 Rxd8
21. Rxb1 f6 22. Kh2 Nd4 23. Nxd4 Rxd4 24. c3 Ra4 25. Ra1 Kf7 26. f3 Bc4 27. Kg1
Ke6 28. Bf1 Bxf1 29. Kxf1 Kd5 30. Ke2 Kc4 31. Kd2 a5 32. Kc2 g6 33. Kb2 Kd3 34.
Rc1 Rc4 35. Kb3 Rc5 36. Rd1+ Ke2 37. Rd6 Kxf3 38. Rxf6+ Kg3 39. Rxg6 Kxh3 40.
g5 hxg5 41. Rxg5 Kh4 42. Rg8 Kh5 43. Re8 Kg6 44. c4 e4 45. Rxe4 Kf5 46. Rd4 Ke5
47. Rh4 Kd6 48. Rh6+ Kc7 49. Kc3 Kb7 50. Kd4 Rc6 51. Rxc6 Kxc6 52. a4 Kd6 53.
c5+ Kc6 54. Kc4 Kc7 55. Kb5 Kb7 56. Kxa5 Kc6 57. Kb4 Kb7 58. Kb5 Kc7 59. a5 Kb7
60. c6+ Kc7 61. a6 Kb8 62. Kb6 Kc8 63. a7 Kd8 64. a8=Q+ Ke7 65. c7 Kd6 66. Qd8+
Ke5 67. c8=Q Ke4 68. Qe6+ Kf4 69. Qf8+ Kg5 70. Qeg8+ Kh5 71. Qh8+ Kg5 72. Qhg7+
Kh5 73. Qfh8# 1-0

[Event "Junior Online 4NCL Division 3"]
[Site "online"]
[Date "2020.04.30"]
[Round "3.24"]
[White "Alexander, Ryan"]
[Black "Surapaneni, Rohit"]
[Result "0-1"]
[WhiteElo "1352"]
[BlackElo "1465"]
[PlyCount "140"]
[EventDate "2020.04.30"]
[WhiteTeam "Warwickshire Bears C"]
[BlackTeam "Cheshire8Z"]

1. e4 e5 2. Nf3 Nc6 3. Bc4 Bc5 4. Nc3 Nf6 5. d3 h6 6. O-O d6 7. h3 O-O 8. Qe2
Be6 9. Bxe6 fxe6 10. Be3 Bb6 11. Rfe1 Re8 12. Rad1 d5 13. Rd2 d4 14. Nxd4 exd4
15. e5 dxc3 16. bxc3 Nd7 17. d4 Ba5 18. Rd3 Ne7 19. Qg4 Nf5 20. Bf4 Qh4 21. Qf3
c6 22. g4 Nxd4 23. Rxd4 Nf8 24. Kh2 Ng6 25. Bg3 Qg5 26. Rd7 Rf8 27. Qd3 Rfd8
28. Rd1 Rxd7 29. Qxd7 Rb8 30. Qxe6+ Kh7 31. Qf5 Qxf5 32. gxf5 Nh8 33. f6 gxf6
34. exf6 Rf8 35. Rd7+ Kg6 36. Be5 Nf7 37. f4 Nxe5 38. fxe5 Bxc3 39. e6 Bxf6 40.
Rd6 Re8 41. Kg3 Be5+ 42. Kg4 Bxd6 43. h4 Rxe6 44. h5+ Kh7 45. Kf5 Re5+ 46. Kf6
Rxh5 47. c4 Rc5 48. Ke6 Rxc4 49. Kxd6 h5 50. Ke5 h4 51. Kd6 h3 52. a4 h2 53. a5
h1=Q 54. a6 Qd1+ 55. Ke5 Qe2+ 56. Kd6 Qh2+ 57. Kd7 Rd4+ 58. Kc8 Qd6 59. Kxb7
Qd7+ 60. Ka8 Qc8+ 61. Kxa7 Rd7+ 62. Kb6 Qb8+ 63. Kxc6 Qc7+ 64. Kb5 Rd5+ 65. Kb4
Qf4+ 66. Kc3 Qe3+ 67. Kc4 Qe4+ 68. Kc3 Rd3+ 69. Kc2 Qe2+ 70. Kc1 Rd1# 0-1

[Event "Junior Online 4NCL Division 3"]
[Site "online"]
[Date "2020.04.30"]
[Round "3.25"]
[White "Vas, Ethan"]
[Black "Crook, Ethan"]
[Result "0-1"]
[WhiteElo "1412"]
[BlackElo "1405"]
[PlyCount "36"]
[EventDate "2020.04.30"]
[WhiteTeam "Warwickshire Bears C"]
[BlackTeam "Cheshire8Z"]

1. c4 e5 2. Nc3 Nf6 3. g3 Bb4 4. Bg2 d6 5. e3 Bg4 6. Nge2 Bxc3 7. bxc3 c6 8.
O-O Qd7 9. Bb2 Bh3 10. d3 h5 11. d4 e4 12. Nf4 Bxg2 13. Kxg2 Qg4 14. Qa4 Qf3+
15. Kg1 h4 16. gxh4 Rxh4 17. Ng2 Rg4 18. Rfe1 Qxg2# 0-1

[Event "Junior Online 4NCL Division 3"]
[Site "online"]
[Date "2020.04.30"]
[Round "3.26"]
[White "Epstein, Jacob"]
[Black "Chen, Olivia"]
[Result "1-0"]
[WhiteElo "1427"]
[BlackElo "1375"]
[PlyCount "115"]
[EventDate "2020.04.30"]
[WhiteTeam "Cheshire8Z"]
[BlackTeam "Warwickshire Bears C"]

1. e4 e6 2. d4 d5 3. e5 c5 4. c3 Nc6 5. Nf3 Qb6 6. b3 Bd7 7. Be3 cxd4 8. Nxd4
Nxd4 9. Bxd4 Qc6 10. a4 f6 11. Bb5 Qc7 12. Bxd7+ Qxd7 13. exf6 Nxf6 14. Bxf6
gxf6 15. Nd2 Rc8 16. Rc1 Bg7 17. Nf3 f5 18. Nd4 Rg8 19. Qh5+ Qf7 20. Qxf7+ Kxf7
21. O-O Be5 22. Nb5 a6 23. Nd4 Bf4 24. Rc2 h5 25. g3 Be5 26. Rfc1 h4 27. Kg2
Rg4 28. Nf3 Bf6 29. c4 dxc4 30. Rxc4 Rcxc4 31. Rxc4 Rxc4 32. bxc4 hxg3 33. fxg3
e5 34. Kf2 e4 35. Ne1 Bd4+ 36. Ke2 Bg1 37. h3 Bh2 38. g4 f4 39. Nc2 f3+ 40. Kf2
Kf6 41. Ne3 Kg5 42. Nf5 Kf4 43. c5 Ke5 44. h4 Kd5 45. h5 Be5 46. g5 Kxc5 47. g6
Bd4+ 48. Nxd4 Kxd4 49. g7 e3+ 50. Kxf3 Kd3 51. g8=Q e2 52. Qd5+ Kc2 53. Kxe2
Kb2 54. Qxb7+ Ka3 55. a5 Ka4 56. Kd3 Kxa5 57. Kc4 Ka4 58. Qxa6# 1-0

[Event "Junior Online 4NCL Division 3"]
[Site "online"]
[Date "2020.04.30"]
[Round "3.27"]
[White "Sastry, Shriya"]
[Black "Surapaneni, Rahul"]
[Result "1-0"]
[WhiteElo "1322"]
[BlackElo "1442"]
[PlyCount "83"]
[EventDate "2020.04.30"]
[WhiteTeam "Warwickshire Bears C"]
[BlackTeam "Cheshire8Z"]

1. d4 d5 2. Bf4 Nf6 3. Nf3 Bf5 4. Nc3 e6 5. a3 Nc6 6. e3 a6 7. Bd3 Bg6 8. Bxg6
hxg6 9. h3 Nd7 10. Qd2 f6 11. Qd3 e5 12. Qxg6+ Ke7 13. dxe5 Ndxe5 14. Nxe5 fxe5
15. Bg5+ Kd7 16. Bxd8 Rxd8 17. Nxd5 Rh6 18. Qg4+ Kd6 19. Nc3 Na5 20. Qb4+ Ke6
21. Qxa5 Kf5 22. Qxc7 Rhd6 23. Qf7+ Kg5 24. Ne4+ Kh6 25. Nxd6 Bxd6 26. Qxb7 e4
27. Qc6 Kh7 28. Qxa6 Be5 29. Qa5 Bxb2 30. Qxd8 Bc3+ 31. Kd1 Bxa1 32. Qh4+ Kg8
33. Qxe4 Bf6 34. Ke2 g5 35. Qg6+ Kh8 36. Qxf6+ Kh7 37. Qxg5 Kh8 38. Kf3 Kh7 39.
Kf4 Kh8 40. Kf5 Kh7 41. Kf6 Kh8 42. Qg7# 1-0

[Event "Junior Online 4NCL Division 3"]
[Site "online"]
[Date "2020.04.30"]
[Round "3.28"]
[White "Surapaneni, Rohit"]
[Black "Alexander, Ryan"]
[Result "0-1"]
[WhiteElo "1465"]
[BlackElo "1352"]
[PlyCount "68"]
[EventDate "2020.04.30"]
[WhiteTeam "Cheshire8Z"]
[BlackTeam "Warwickshire Bears C"]

1. e4 e5 2. Nf3 Nc6 3. Bc4 Bc5 4. d3 h6 5. Be3 Bxe3 6. fxe3 Nf6 7. Nc3 O-O 8.
d4 exd4 9. exd4 d6 10. d5 Ne7 11. O-O Ng6 12. h3 Re8 13. Re1 Bd7 14. Qd3 a6 15.
a4 c6 16. dxc6 Bxc6 17. Bd5 Qb6+ 18. Kh2 Nf4 19. Qe3 Qxe3 20. Rxe3 Bxd5 21.
Nxd5 N6xd5 22. Ree1 Nb4 23. Rac1 Rac8 24. c3 Nbd3 25. g3 Nxc1 26. gxf4 Nd3 27.
Rd1 Nxf4 28. Rxd6 Rxe4 29. Kg3 Kh7 30. Nd2 Re6 31. Rd7 Nh5+ 32. Kh4 Kg6 33.
Rxb7 Rd8 34. Nc4 Re4# 0-1

[Event "Junior Online 4NCL Division 3"]
[Site "online"]
[Date "2020.04.30"]
[Round "3.31"]
[White "Jayawarna, Tarini"]
[Black "Ray, Hiya"]
[Result "0-1"]
[WhiteElo "1652"]
[BlackElo "1823"]
[PlyCount "32"]
[EventDate "2020.04.30"]
[WhiteTeam "Manchester Juniors A"]
[BlackTeam "St John's College A"]

1. e4 c5 2. Nf3 d6 3. d4 cxd4 4. Nxd4 Nf6 5. Nc3 g6 6. Be3 Bg7 7. f3 O-O 8. Bc4
Bd7 9. Qd2 Nc6 10. O-O-O Rc8 11. g4 Nxd4 12. Qxd4 Nxg4 13. Bxf7+ Rxf7 14. Qd2
Rxf3 15. Bd4 Bh6 16. Qxh6 Nxh6 0-1

[Event "Junior Online 4NCL Division 3"]
[Site "online"]
[Date "2020.04.30"]
[Round "3.32"]
[White "Choudhury, Anish"]
[Black "Jayawarna, Thisumi"]
[Result "0-1"]
[WhiteElo "1448"]
[BlackElo "1562"]
[PlyCount "28"]
[EventDate "2020.04.30"]
[WhiteTeam "St John's College A"]
[BlackTeam "Manchester Juniors A"]

1. e4 d5 2. exd5 Qxd5 3. Nc3 Qa5 4. d4 Nf6 5. Nf3 c6 6. Bc4 Bf5 7. Bf4 Nbd7 8.
Qe2 e6 9. O-O-O O-O-O 10. Rhe1 Bb4 11. Qd2 Ne4 12. Qe3 Bxc3 13. bxc3 Nxc3 14.
Rd2 Qa3# 0-1

[Event "Junior Online 4NCL Division 3"]
[Site "online"]
[Date "2020.04.30"]
[Round "3.34"]
[White "Nukalapati, Sarthak"]
[Black "Eccleston, Bryony"]
[Result "0-1"]
[WhiteElo "1322"]
[BlackElo "1390"]
[PlyCount "38"]
[EventDate "2020.04.30"]
[WhiteTeam "St John's College A"]
[BlackTeam "Manchester Juniors A"]

1. e4 e6 2. d4 d5 3. Nc3 dxe4 4. Nxe4 Bd7 5. Nf3 Bc6 6. Bd3 Nd7 7. O-O Ngf6 8.
Nc3 Be7 9. Bf4 O-O 10. Re1 Nd5 11. Nxd5 Bxd5 12. c4 Bc6 13. Qe2 Bb4 14. Nd2 Nf6
15. Bg5 Qxd4 16. a3 Bxd2 17. Qxd2 Qg4 18. g3 Qf3 19. Kf1 Ng4 0-1